000 00333nam a22001337a 4500
999 _c54967
_d54967
008 200203b ||||| |||| 00| 0 eng d
041 _aeng
080 _a043.3
082 _a043.3
100 _a0
101 _aBTH
245 _aRevitalizimi i shtypshkronjës Rilindja- "Hapësira" Qendër Kulturore
_cMahmutaj,V
942 _2udc
_cBK